1256 1677 1433 1315 1350 1801 1965 1911 1478 1172 1508 1849 1382 1732 1876 1549 1838 1748 1714 1067 1999 1670 1607 1997 1782 1155 1144 1099 1008 1692 1968 1016 1465 1074 1826 1243 1009 1787 1493 1702 1953 1565 1862 1623 1497 1754 1555 1269 1534 1199 1486 1182 1356 1113 1753 1124 1672 1801 1355 1403 1739 1316 1927 1313 1930 1820 1956 1912 1972 1160 1840 1428 1974 1043 1654 1179 1603 1685 1080 1991 1510 1425 1812 1777 1362 1506 1220 1713 1163 1522 1203 1209 1196 1336 1892 1286 1136 1868 1049 BCNSPRNW ULIB Ver.6.0+V

เปลี่ยนเป็นภาษาไทย

Change to English
 แสดงรายละเอียดบรรณานุกรม
  กลับหน้าหลัก

Brief Record : Get Marc (ISO 2709) : E-mail record : QR code < ปิดหน้าต่าง
LEADER : 00000nam 2200000uu 4500
001    13399114443
003     ULIB
008    120402s2552||||th 000 0 tha d
020    ^a9786167081137
090    ^aนว.^bก217ล 2552
100 0  ^aกระต่ายหมายจันทร์
245 00 ^aเล่ห์รักวิวาห์ชุลมุน/^cกระต่ายหมายจันทร์
250    ^aพิมพ์ครั้งที่ 1
260    ^aกรุงเทพฯ :^bสมาร์ทบุ๊ค,^c2552
300    ^a376 หน้า
710 1  ^aสมาร์ทบุ๊ค
945    ^p240^l0^i16420
995    ^aกัณชพร
999    ^aใช้งานได้ทุกระบบ
รายการนี้ยังไม่มีแท็ก
คุณยังไม่ได้ล็อกอิน คุณสามารถมีกิจกรรมร่วมกับเว็บไซต์ได้ แต่ต้องล็อกอินก่อน ::
  ล็อกอิน

รายการสื่อสารสนเทศ

ลำดับที่ ประเภท เลขเรียก/บาร์โค้ด สถานที่ สถานะ
1. นวนิยาย
นวนิยาย
นว. ก217ล 2552  
  Barcode: 16420
ห้องสมุดวิทยาเขตสวรรค์ประชารักษ์
►นวนิยาย
บนชั้น
  ขอยืม

รายการใกล้เคียง
    ผู้แต่ง [กระต่ายหมายจันทร์]

BibComment


ยังไม่เคยถูกคอมเมนท์

คอมเมนท์ทรัพยากรรายการนี้
  คอมเมนท์: เล่ห์รักวิวาห์ชุ..


 Copyright 2026. Bcnsprnw @Library